00641nam a22001937a 450000500170000001000150001702000270003203500130005903700130007208200130008510000140009824501160011226000290022827000930025730000400035070000190039070000170040970000210042620130528151538.0 aENG-107142 a9781445405353c1195.00 aEN-90675 bDBAD/PUB a796.7203 aHill, Tim10aThe encyclopedia of Fomula One /cby Tim Hill [and] Gareth Thomas ; edited by Kate Santon [and] Sarah Rickayzen aUKbParragon Booksc2010 a Rhythm Book Distributors, Old no. 4, new no. 5, Jeenis Road, SaidapetbChennaie600015 a255p.:c28cm(Hb)bcol.ill.e1CD-ROM aThomas, Gareth aSanton, Kate aRickayzen, Sarah